Statistiques concernant Villes/Pays #4

Cliquez ici pour prendre le quiz!

Statistiques générales

  • Ce quiz a été pris 87 fois
  • Le résultat moyen est 12 sur 16

Statistiques - réponses

VillesPays% Correct
Phnom PenhCambodge
98%
VilniusLituanie
98%
TallinnEstonie
95%
BratislavaSlovaquie
95%
LjubljanaSlovénie
95%
DamasSyrie
94%
ThessaloniqueGrèce
89%
BakouAzerbaïdjan
86%
NassauBahamas
78%
AchgabatTurkménistan
73%
CastriesSainte-Lucie
59%
BrnoRépublique Tchèque
58%
BusanCorée du Sud
51%
AarhusDanemark
51%
FianarantsoaMadagascar
22%
Mbuji-MayiRépublique Démocratique du Congo
17%

Distribution des résultats

Percentile par nombre de réponses

% des personnes avec chaque résultat

Votre développement - résultats

Vous n’avez pas pris ce quiz